Manuale ad uso dei Deputati al Parlamento Nazionale (col Regolamento della Camera del 1º luglio 1900) (Record no. 156116)

MARC details
000 -LEADER
campo de control de longitud fija 00848nam a22001935i 4500
001 - NÚMERO DE CONTROL
campo de control 156116
003 - IDENTIFICADOR DE NÚMERO DE CONTROL
campo de control ES-MaACL
005 - FECHA Y HORA DE LA ÚLTIMA TRANSACCIÓN
campo de control 20230906210326.0
008 - DATOS DE LONGITUD FIJA--INFORMACIÓN GENERAL
campo de control de longitud fija 020917s1900 it |||| | ita d
040 ## - FUENTE DE CATALOGACIÓN
Centro catalogador/agencia de origen CCPB | B
Lengua de catalogación spa
Centro/agencia transcriptor CCPB | B
110 10 - ENTRADA PRINCIPAL--NOMBRE DE ENTIDAD CORPORATIVA
Nombre de entidad corporativa o nombre de jurisdicción como elemento de entrada Italia.
Unidad subordinada Camera dei Deputati.
9 (RLIN) 5306
245 10 - MENCIÓN DEL TÍTULO
Título Manuale ad uso dei Deputati al Parlamento Nazionale (col Regolamento della Camera del 1º luglio 1900)
Resto del título : XXI legislatura /
Mención de responsabilidad, etc. [pubblicato a cura della Segreteria della Camera dei Deputati].
260 ## - PUBLICACIÓN, DISTRIBUCIÓN, ETC.
Lugar de publicación, distribución, etc. Roma :
Nombre del editor, distribuidor, etc. [s.n.],
Fecha de publicación, distribución, etc. 1900 (
Fabricante tipografia della Camera dei Deputati)
300 ## - DESCRIPCIÓN FÍSICA
Extensión V, 851, 386 p. ;
Dimensiones 18 cm.
594 #1 - Nota al título y mención de responsabilidad
Nota al título y mención de responsabilidad Mención de responsabilidad consta en v. de port.
650 #4 - PUNTO DE ACCESO ADICIONAL DE MATERIA--TÉRMINO DE MATERIA
Término de materia o nombre geográfico como elemento de entrada Diputados-
Subdivisión geográfica Italia-
Subdivisión cronológica 1900.
9 (RLIN) 135932
752 ## - ENTRADA AGREGADA--NOMBRE JERÁRQUICO DEL LUGAR
País o entidad superior Italia -
Ciudad Roma
852 ## - LOCALIZACIÓN
Ubicación ES-MaACL
Número de control de estantería F-9483
Nota libre -- Enc. hol.
-- -- Dedicatoria ms. al Ateneo de Madrid, 1904
Holdings
Estatus retirado Estado de pérdida Estado de daño No para préstamo Colección Biblioteca de origen Biblioteca actual Ubicación en estantería Fecha de adquisición Fuente de adquisición Total de préstamos Signatura topográfica completa Código de barras Visto por última vez Precio de reemplazo Tipo de ítem Koha
        Libros del s. XIX Biblioteca del Ateneo de Madrid Biblioteca del Ateneo de Madrid Sala Pecera Planta 2 17/01/2008     F-9483 1163325 23/02/2023 23/02/2023 Libro impreso antiguo